000 00463nab a2200145Ia 4500
003 ES-SlBCS
005 20210601132035.0
008 140529s1988 xxu||||| |||| 00| 0 ger d
041 _ager
100 1 _aLinke, Detlef Bernhard
_9191176
245 0 0 _aDer Tod und die Medizin Die Infragestellung menschlicher Personalität
_c Detlef Bernhard Linke
650 0 4 _aMedicina
_914377
773 0 _tNeue Ordnung (Die)
_gvol. 42, 1988, págs. 172-186
_wRev294
942 _cAR
999 _c573240
_d573240